00783nam a2200193 a 450000100100000000500170001000800410002704000250006808200150009310000370010824500430014525000110018826000360019930000270023550000620026250000760032495201720040099900170057200004568120201002052402.0150424s1994 dr a 000 p spa d aDO-SdBNPbspacBNPHU axxxxbxxxx1 aMartínez, Frank,d1965-92061710aCenizas del ocaso /cFrank Martínez. a2a ed. aSanto Domingo :bCarlos,c1994. a76 p. :bil. ;c21 cm. aPerteneció a la biblioteca personal de Erick Landestoy. aIncluye datos biográficos del autor en la solapa de la contracubierta 0010718PDaPDbPDcCTd2015-04-24iLF1l0oxxxx xxxxp45681-10r2020-06-25w2020-06-25yLFPDzPerteneció a la biblioteca personal de Erick Landestoy.ZNo se presta c45170d45170